000 00696nam a2200241Ia 4500
003 OSt
005 20221005031933.0
006 a|||||r|||| 00| 0
007 ta
008 221004b |||||||| |||| 00| 0 tam d
024 _a63687
037 _cTextual
040 _aCRL
_cCRL
_btam
041 _2tam
_atam
082 _aO31,1A:g(Y73(P31):1), J7;1
100 _aSami Chithambaranar Au.
_9583963
245 0 _aEttu Thokaum Thamilar Panpadum
260 _aChennai
_bStar Pathippagam India
_c1957
300 _a224p.
_ccm.
650 _aTAMIL LITERATURE
942 _hO31,1A:g(Y73(P31):1), J7;1
_cTEXL
_2cc
999 _c938742
_d938742